| 000 | 00666nam a22002052 4500 | ||
|---|---|---|---|
| 001 | 0000008815 | ||
| 005 | 20151217161139.0 | ||
| 008 | 080609s xx 000 0 eng d | ||
| 020 |
_a1841620661 : _cKES 2465 |
||
| 040 |
_aKABU _cKABU |
||
| 100 | 1 |
_aFoottit, Claire. _@0000159572 |
|
| 245 | 1 | 0 |
_aKenya : _bthe Bradt travel guide / _cClaire Foottit. |
| 260 |
_aChalfont St Peter, England : _bBradtb Travel Guides, _c2004. |
||
| 300 | _axiv, 482 p. | ||
| 650 | 0 |
_aKenya _xGuidebooks. _@0000159573 |
|
| 852 | 1 | _9p2370 KES | |
| 908 | _a080609 | ||
| 950 | _@1 | ||
| 999 |
_c15062 _d15062 |
||